Normal view
MARC view
- Gupta, V K
Entry Personal Name
001 - CONTROL NUMBER
- control field: 5768
003 - CONTROL NUMBER IDENTIFIER
- control field: OSt
005 - DATE AND TIME OF LATEST TRANSACTION
- control field: 20240123143944.0
008 - FIXED-LENGTH DATA ELEMENTS
- fixed length control field: 240123|| aca||aabn | a|a d
040 ## - CATALOGING SOURCE
- Original cataloging agency: OSt
- Transcribing agency: OSt
100 ## - HEADING--PERSONAL NAME
- Personal name: Gupta, V K
670 ## - SOURCE DATA FOUND
- Source citation: Work cat.: (OSt)10471: Gupta, V K ., Integrated disease management and plant health / , 1995.
